书目信息 |
| 题名: |
契诃夫文集
|
|
| 作者: | 契柯夫 著 ;汝龙 译 | |
| 分册: | 第五卷 | |
| 出版信息: | 上海 上海译文出版社 1985.12 |
|
| 页数: | 517 | |
| 开本: | 大32 | |
| 丛书名: | ||
| 单 册: | ||
| 中图分类: | I512.11 | |
| 科图分类: | ||
| 主题词: | ||
| 电子资源: | ||
| ISBN: | ||
| 000 | 00524nam0 2200193 45 | |
| 001 | 0181021736 | |
| 005 | 20060801152323.98 | |
| 010 | @dCNY2.80 | |
| 100 | @a20810111d km y0chiy0120 ea | |
| 101 | 0 | @achi |
| 105 | @a z 000yy | |
| 200 | 1 | @Aqi he fu wen ji@Fqi ke fu@a契诃夫文集@h第五卷@f(俄)契柯夫著@g汝龙译 |
| 210 | @a上海@c上海译文出版社@d1985.12 | |
| 215 | @a517@c照片@d大32 | |
| 690 | @aI512.11 | |
| 701 | 0 | @a契柯夫@4著 |
| 702 | 0 | @a汝龙@4译 |
| 801 | @aCN@bTSTC@c20060801 | |
| 905 | @dI512.11@e146:5@f3@b151519-21 | |
| 契诃夫文集.第五卷/(俄)契柯夫著/汝龙译.-上海:上海译文出版社,1985.12 |
| 517:照片;大32 |
| ISBN :CNY2.80 |
| ● |
| 相关链接 |
|
|
|
|
正题名:契诃夫文集
索取号:I512.11/146:5
 
预约/预借
| 序号 | 登录号 | 条形码 | 馆藏地/架位号 | 状态 | 备注 |
| 1 | 0151519 | 000662241 | 密集书库/ [索取号:I512.11/146:5] | 在馆 | |
| 2 | 0151520 | 000662615 | 第二借阅区/ [索取号:I512.11/146:5] | 在馆 | |
| 3 | 0151521 | 000662606 | 密集书库/ [索取号:I512.11/146:5] | 在馆 |